Pittsburgh Steelers All Time Team - Statistics

General Stats
  • This quiz has been taken 72 times
  • The average score is 13 of 49
Answer Stats
Hint Answer % Correct
QB Ben Roethlisberger
95%
FB/RB Franco Harris
95%
QB Terry Bradshaw
92%
WR Antonio Brown
83%
RB Le'Veon Bell
78%
RB Jerome Bettis
77%
T Larry Brown
77%
WR HInes Ward
69%
WR Lynn Swann
69%
PR Lynn Swann
69%
OLB T.J. Watt
59%
S Troy Polamalu
55%
WR John Stallworth
47%
OLB James Harrison
45%
RB Willie Parker
41%
MLB Jack Lambert
36%
CB Rod Woodson
36%
KR Rod Woodson
36%
OLB Jack Ham
34%
C Mike Webster
33%
TE Heath Miller
19%
DT Mean Joe Greene
13%
G Alan Faneca
8%
DE Cameron Heyward
8%
K Chris Boswell
8%
G David Decastro
6%
S Donnie Shell
6%
K Gary Anderson
6%
C Dermontti Dawson
5%
DE L.C. Greenwood
5%
MLB Ryan Shazier
5%
OLB Andy Russel
3%
S Carnell Lake
3%
DT Casey Hampton
3%
P Bobby Walden
2%
DE Dwight White
2%
DT Ernie Stautner
2%
CB Jack Butler
2%
T Jon Kolb
2%
TE Elbie Nickel
0%
DT Ernie Holmes
0%
G Gerry Mullins
0%
CB J.T. Thomas
0%
DE Keith Willis
0%
T Marvel Smith
0%
CB Mel Bount
0%
S Mike Wagner
0%
G Sam Davis
0%
T Trunch Ilkin
0%
No matching quizzes found
Score Distribution
Percent of People with Each Score
Percentile by Number Answered
Your Score History
You have not taken this quiz